Ceny na trzích kapitalistických států a devizové kursy 1/84 čtvrtletní rekapitulace

Gespeichert in:
Bibliographische Detailangaben
Format: Buch
Sprache:Tschechisch
Veröffentlicht: Praha Výzkumný ústav vnějších ekonomických vztahů 1984
Schriftenreihe:Ekonomická informace č. 4
Tags: Tag hinzufügen
Keine Tags, Fügen Sie das erste Tag hinzu!

MARC

LEADER 00000nam a2200000 4500
001 c116361
005 20260309100113.1
041 0 |a cze 
044 |a CZ 
245 1 0 |a Ceny na trzích kapitalistických států a devizové kursy 1/84  |b čtvrtletní rekapitulace 
264 1 |a Praha  |b Výzkumný ústav vnějších ekonomických vztahů  |c 1984 
300 |a 85 s. 
490 1 |a Ekonomická informace  |v č. 4 
830 0 |a Ekonomická informace  |v č. 4